Etiqueta de registo: 00000nkm 2200025 450
001 2267523
003 http://id.bnportugal.gov.pt/bib/catbnp/2267523
100 ## $a20260216f1971 m y0pory01030103ba
101 0# $aheb
200 1# $aEl Al Israel Airlines, Moshav Nahalal, [sem data]$bVisual gráfico]$fEl Al Israel Airlines$gPhoto: Werner Braun
210 #9 $aTel Aviv$cEl Al Israel Airlines$d[1971?]$eIsrael:
215 ## $a1 cartaz$ccolor.$d68,7x48,8 cm
306 ## $aDatação atribuída em conformidade com as características formais do documento
317 ## $aColeção Madeira Luís
702 #1 $aBraun,$bWerner,$f1926-2012$4600$31771886
710 02 $aEl Al Israel Airlines$31985760
801 #0 $aPT$bBN$gRPC
966 ## $lBN$mICONOG$sCT. 21245 A.$x3
971 ## $cCaticonografia3$d20260216
995 ## $aPRR2026 $d20260216$iCaticonografia3
Etiqueta de registo: 00000nkm 2200025 450
001 2267509
003 http://id.bnportugal.gov.pt/bib/catbnp/2267509
100 ## $a20260216f1985 m y0pory01030103ba
101 0# $aheb
200 1# $aEl Al Israel Airlines, Massada$bVisual gráfico]$fEl Al Israel Airlines$gPhoto: Werner Braun
210 #9 $aTel Aviv$cEl Al Israel Airlines$d[1985]
215 ## $a1 cartaz$ccolor.$d68,7x48,9 cm
304 ## $aTítulo a partir de tradução livre em hebreu
306 ## $aDatação atribuída em conformidade com as características formais do documento
316 ## $aRasgão na margem inferior esquerda$5PTBN: CT. 21243 A.
317 ## $aColeção Madeira Luís
702 #1 $aWerner Braun$4600$31985759
710 02 $aEl Al Israel Airlines$31985760
801 #0 $aPT$bBN$gRPC
966 ## $lBN$mICONOG$sCT. 21243 A.$x3
971 ## $cCaticonografia3$d20260216
995 ## $aPRR2026 $d20260216$iCaticonografia3
Etiqueta de registo: 00000nkm 2200025 450
001 2270813
003 http://id.bnportugal.gov.pt/bib/catbnp/2270813
100 ## $a20260224f1980 m y0pory01030103ba
101 0# $aeng$aheb
102 ## $aIL
200 1# $aTel Aviv-yafo$bVisual gráfico]$fEl Al Israel Airlines$gSharir
210 #9 $aTel Aviv$cEl Al Israel Airlines,$d[1980]
215 ## $a1 cartaz$ccolor.$d68x98cm
316 ## $aDatação em conformidade com as características formais do documento
317 ## $aColeção Madeira Luís
710 02 $aEl Al Israel Airlines$31985760
712 01 $aSharir, $bDavid, $f1938-$31987017
801 #0 $aPT$bBN$gRPC
966 ## $lBN$mICONOG$sCT. 7418 R.$x3
971 ## $cCaticonografia8$d20260224
995 ## $aPRR2026 $d20260224$iCaticonografia8